| 000 | 00735nam a22002057a 4500 | ||
|---|---|---|---|
| 999 |
_c7847 _d7847 |
||
| 003 | AR-CdUCM | ||
| 008 | 190321b ||||| |||| 00| 0 spa d | ||
| 040 |
_aMUNICIPALIDAD PROVINCIAL DEL CUSCO _cBIBLIOTECA MUNICIPAL DEL CUSCO |
||
| 082 |
_a400.5 / _bC28 |
||
| 100 |
_aCasares, Julio _910866 |
||
| 245 |
_aCosas del lenguaje : _bEtimología, lexicología, Semántica / |
||
| 260 |
_aMadrid : _bCalpe, _c1973. |
||
| 300 |
_a236 páginas ; _c17 cm. |
||
| 505 | _aContenido : Escarceos etimológicos -- Neologismos -- Galicismos y otras locuciones viciosas -- Miscelánea Léxico - semántico ... | ||
| 650 |
_aEtimología _977 |
||
| 650 |
_aLexicología _910867 |
||
| 650 |
_aSemántica _97092 |
||
| 942 |
_2ddc _cLIBROS |
||
| 945 | _arah | ||